My teacher is my hero: (Record no. 35537)

MARC details
000 -LEADER
fixed length control field 02987nam a22003734a 4500
005 - DATE AND TIME OF LATEST TRANSACTION
control field 20100927111712.0
010 ## - LCCN (DPL NO)
LC control number B-409442-452
020 ## - INTERNATIONAL STANDARD BOOK NUMBER
International Standard Book Number 9781598697926
Terms of availability 250.00
035 ## - SYSTEM CONTROL NUMBER
System control number B-409442-452
037 ## - SOURCE OF ACQUISITION
Source of stock number/acquisition Viva Books
082 ## - DEWEY DECIMAL CLASSIFICATION NUMBER
Classification number 371.100922
245 ## - TITLE STATEMENT
Title My teacher is my hero:
Remainder of title tributes to the people who gave us knowledge, motivation and wisdom /
Statement of responsibility, etc edited by Susan Reynolds
260 ## - PUBLICATION, DISTRIBUTION, ETC. (IMPRINT)
Place of publication, distribution, etc Avon, Mass. :
Name of publisher, distributor, etc Adams Media ;
Date of publication, distribution, etc 2010
270 ## - ADDRESS
Address 57, Littlefield Street,
City Avon
300 ## - PHYSICAL DESCRIPTION
Extent x, 246 p. ;
Dimensions 22 cm(pbk)
500 ## - GENERAL NOTE
General note Includes index
650 ## - SUBJECT ADDED ENTRY--TOPICAL TERM
Topical term or geographic name as entry element Reading
General subdivision Parent participation.
650 ## - SUBJECT ADDED ENTRY--TOPICAL TERM
Topical term or geographic name as entry element Reading comprehension.
650 ## - SUBJECT ADDED ENTRY--TOPICAL TERM
Topical term or geographic name as entry element Critical thinking in children.
700 ## - ADDED ENTRY--PERSONAL NAME
Personal name Reynolds, Susan
9 (RLIN) 21895
942 ## - ADDED ENTRY ELEMENTS (KOHA)
Source of classification or shelving scheme Dewey Decimal Classification
Item type English Books
Call number suffix MYT
Classification part 371.100922
Holdings
Withdrawn status Lost status Not for loan Collection code Home library Current library Date acquired Source of acquisition Cost, normal purchase price Full call number Barcode Copy number Cost, replacement price Koha item type
      Non-fiction Bawana Bawana 27/09/2010 Viva Books/2592/9.7.10/69/1.7.10/13.7.10 250.00 371.100922 MYT B-409449 1 250.00 English Books
      Non-fiction Bawana Bawana 27/09/2010 Viva Books/2592/9.7.10/69/1.7.10/13.7.10 250.00 371.100922 MYT B-409451 1 250.00 English Books
  Written-off vide DLB M. No. 383 dt 16.05.19   Non-fiction Central Library Central Library 27/09/2010 Viva Books/2592/9.7.10/69/1.7.10/13.7.10 250.00 371.100922 MYT B-409442 1 250.00 English Books
      Non-fiction Janak Puri Janak Puri 27/09/2010 Viva Books/2592/9.7.10/69/1.7.10/13.7.10 250.00 371.100922 MYT B-409445 2 250.00 English Books
      Non-fiction Janak Puri Janak Puri 27/09/2010 Viva Books/2592/9.7.10/69/1.7.10/13.7.10 250.00 371.100922 MYT B-409446 2 250.00 English Books
      Non-fiction Narela Narela 27/09/2010 Viva Books/2592/9.7.10/69/1.7.10/13.7.10 250.00 371.100922 MYT B-409450 1 250.00 English Books
      Non-fiction New Police Line New Police Line 27/09/2010 Viva Books/2592/9.7.10/69/1.7.10/13.7.10 250.00 371.100922 MYT B-409443 1 250.00 English Books
  Written-off vide DLB M. No. 383 dt 16.05.19   Non-fiction Patel Nagar Patel Nagar 27/09/2010 Viva Books/2592/9.7.10/69/1.7.10/13.7.10 250.00 371.100922 MYT B-409444 1 250.00 English Books
  Written-off vide DLB M. No. 383 dt 16.05.19   Non-fiction Sarojini Nagar Sarojini Nagar 27/09/2010 Viva Books/2592/9.7.10/69/1.7.10/13.7.10 250.00 371.100922 MYT B-409447 1 250.00 English Books
      Non-fiction Shahdara Branch Shahdara Branch 27/09/2010 Viva Books/2592/9.7.10/69/1.7.10/13.7.10 250.00 371.100922 MYT B-409452 1 250.00 English Books
      Non-fiction Vinoba Puri Vinoba Puri 27/09/2010 Viva Books/2592/9.7.10/69/1.7.10/13.7.10 250.00 371.100922 MYT B-409448 1 250.00 English Books

© Delhi Public Library
Hit Counter
free hit counter